000 005750000a22001810004500
003 MACL
005 20160529122224.0
008 160529b xxu||||| |||| 00| 0 eng d
040 _aMACL
_cMACL
041 _aHindi
082 _a891.433 RED
100 _aरेडडी, बालशौरि
_943972
245 _aदावानल
_cबालशौरि रेडडी
260 _bहिमाचल पुस्‍तक भण्‍डार
_c1992
_aनई दिल्‍ली
350 _a40
650 _aNovel
_960778
942 _cHIN
_k891.433/RED/N
_2ddc
999 _c20950
_d20950